<?xml version="1.0" encoding="UTF-8"?>
<record
    xmlns:xsi="http://www.w3.org/2001/XMLSchema-instance"
    xsi:schemaLocation="http://www.loc.gov/MARC21/slim http://www.loc.gov/standards/marcxml/schema/MARC21slim.xsd"
    xmlns="http://www.loc.gov/MARC21/slim">

  <leader>01402nam a2200157   4500</leader>
  <controlfield tag="001">6406</controlfield>
  <datafield tag="020" ind1="0" ind2="0">
    <subfield code="a">9786169128946</subfield>
  </datafield>
  <datafield tag="245" ind1="0" ind2="0">
    <subfield code="a">The heart of a scared kingdom :</subfield>
    <subfield code="b">her Majesty the Royal grandmother Ashi Kesang Choeden Wangchuck :a lifetime of service to the people and the kingdom of Bhutan /</subfield>
    <subfield code="c"></subfield>
    <subfield code="h"></subfield>
  </datafield>
  <datafield tag="250" ind1="0" ind2="0">
    <subfield code="a">1st ed.</subfield>
  </datafield>
  <datafield tag="260" ind1="0" ind2="0">
    <subfield code="a">Bangkok, Thailand ;</subfield>
    <subfield code="b">Gatshel publishing.</subfield>
    <subfield code="c">2017.</subfield>
  </datafield>
  <datafield tag="300" ind1="0" ind2="0">
    <subfield code="a">221 p. : col. ill. ; 27 cm.</subfield>
  </datafield>
  <datafield tag="504" ind1=" " ind2=" ">
    <subfield code="a">Includes bibliographical references.</subfield>
  </datafield>
  <datafield tag="505" ind1=" " ind2=" ">
    <subfield code="a">Contents: Tribute to her Majesty the Royal grandmother /    his Majesty the fourth Druk Gyalpo Jigme Singye Wangchuck    / his holiness the 70th Je Khenpo of Bhutan Trulku Jigme    Choedra. Preface: Her Royal highness Ashi Kesang Wangmo    Wangchuck -- Childhood home and family -- Education --    Marriage and life in Bhutan -- Contributions to    traditional arts and culture -- Contributions to    education -- Contributions to healthcare and welfare --    Devotion to the dharma and spirituality -- On memory and    elegance / Dzongsar Jamyang Khyentse Rinpoche --    Preservation of cultural and spiritual heritage --    Amazing grace / Nandini Mehta -- Long life prayer / His    eminence Tsugla lopen Samten Dorji -- Long life prayer /    His holiness Dilgo Khyentse Yangsi Rinpoche.</subfield>
    <subfield code="g"></subfield>
    <subfield code="r"></subfield>
    <subfield code="t"></subfield>
  </datafield>
  <datafield tag="600" ind1=" " ind2=" ">
    <subfield code="a">Ashi Kesang Choeden Wangchuck.</subfield>
    <subfield code="b"></subfield>
    <subfield code="c"></subfield>
    <subfield code="d"></subfield>
    <subfield code="e"></subfield>
    <subfield code="f"></subfield>
    <subfield code="k"></subfield>
    <subfield code="l"></subfield>
    <subfield code="m"></subfield>
    <subfield code="n"></subfield>
    <subfield code="o"></subfield>
    <subfield code="p"></subfield>
    <subfield code="q"></subfield>
    <subfield code="r"></subfield>
    <subfield code="s"></subfield>
    <subfield code="t"></subfield>
    <subfield code="v"></subfield>
    <subfield code="x"></subfield>
    <subfield code="y"></subfield>
    <subfield code="z"></subfield>
    <subfield code="2"></subfield>
  </datafield>
  <datafield tag="650" ind1="0" ind2="0">
    <subfield code="a">Queens -- Bhutan.</subfield>
    <subfield code="x"></subfield>
  </datafield>
  <datafield tag="999" ind1=" " ind2=" ">
    <subfield code="c">5398</subfield>
    <subfield code="d">5398</subfield>
  </datafield>
  <datafield tag="952" ind1=" " ind2=" ">
    <subfield code="0">0</subfield>
    <subfield code="1">0</subfield>
    <subfield code="2">ddc</subfield>
    <subfield code="4">0</subfield>
    <subfield code="7">0</subfield>
    <subfield code="8">MAIN</subfield>
    <subfield code="a">RTCLIB</subfield>
    <subfield code="b">RTCLIB</subfield>
    <subfield code="c">MAIN</subfield>
    <subfield code="d">2018-11-27</subfield>
    <subfield code="h"> </subfield>
    <subfield code="i">10119</subfield>
    <subfield code="l">2</subfield>
    <subfield code="o">954.98 WAN</subfield>
    <subfield code="p">30010316</subfield>
    <subfield code="r">2022-10-04 00:00:00</subfield>
    <subfield code="s">2022-10-04</subfield>
    <subfield code="w">2018-11-27</subfield>
    <subfield code="y">MAIN</subfield>
  </datafield>
  <datafield tag="952" ind1=" " ind2=" ">
    <subfield code="0">0</subfield>
    <subfield code="1">0</subfield>
    <subfield code="2">ddc</subfield>
    <subfield code="4">0</subfield>
    <subfield code="7">0</subfield>
    <subfield code="8">SPECIAL COLLECTIONS</subfield>
    <subfield code="a">RTCLIB</subfield>
    <subfield code="b">RTCLIB</subfield>
    <subfield code="c">SPECIAL COLLECTIONS</subfield>
    <subfield code="d">2023-08-23</subfield>
    <subfield code="h">177823</subfield>
    <subfield code="l">0</subfield>
    <subfield code="o">954.98 WAN</subfield>
    <subfield code="p">30018967</subfield>
    <subfield code="r">2023-08-23 00:00:00</subfield>
    <subfield code="w">2023-08-23</subfield>
    <subfield code="y">SPCOLL</subfield>
  </datafield>
</record>
